| 000 | 00529cam a22001577a 4500 | ||
|---|---|---|---|
| 008 | 180718b1997 xxu||||| |||| 00| 0 eng d | ||
| 082 | _aT39 At89 | ||
| 100 | _aAturupane, Chonira | ||
| 245 |
_aDeterminants of intra-industry trade between East and West Europe _cby Chonira Aturupane, Simeon Djakov and Bernard Hoekman |
||
| 260 |
_aWashington, D.C. _bWorld Bank _c1997 |
||
| 300 | _a32p. | ||
| 440 | _aPolicy research working paper 1850 | ||
| 650 | _aIndustrial trade | ||
| 700 | _aHoekman, Bernard | ||
| 700 | _aDjankov, Simeon | ||
| 999 |
_c274992 _d274992 |
||